| 000 | 00417nab a2200145Ia 4500 | ||
|---|---|---|---|
| 003 | ES-SlBCS | ||
| 005 | 20210601124319.0 | ||
| 008 | 140529s1988 xxu||||| |||| 00| 0 eng d | ||
| 041 | _aeng | ||
| 100 | 1 |
_aEddy, Philip _9139507 |
|
| 245 | 0 | 0 |
_aKohlberg and Dewey _c Philip Eddy |
| 600 | 1 |
_aKohlberg, Lawrence-Dewey _9139602 |
|
| 773 | 0 |
_tEducational Theory _gvol. 38, nº. 4, 1988, págs. 405-414 _wRev1399 |
|
| 942 | _cAR | ||
| 999 |
_c512771 _d512771 |
||